00966nam a2200241 a 4500008004100000020001500041041000800056245010600064250002100170260003500191300002200226500019100248653002900439653001700468653002800485653003600513653001500549653002100564653003500585700003200620700003600652700003600688110830s2010 ag a f |||| 001 0 spa d a9871259026 aspa aDiagnóstico y terapéutica en endocrinología ginecológica y reproductiva /cInés De la Parra a1a ed. 3a reimp. aBuenos Aires:bJournal;c2010. a846 p.c28x20 cm. aDe la Parra, I., Cortelezzi, M. E. y Lombardi, E. P. (Coords.). (2010). Diagnóstico y terapéutica en endocrinología ginecológica y reproductiva. (1a ed.). Buenos Aires : Journal. aLaboratorio bioquímico aFisiología aPubertad - Adolescencia aMadurez sexual - Reproducción aClimaterio aAnticoncepción aVademécum endocrinológico 1 aDe la Parra, InéseCoord.1 aCortelezzi, Marta ElenaeCoord.1 aLombardi, Eduardo PedroeCoord.